000 00522nam a2200205Ia 4500
005 20231202093923.0
008 131103s9999 xx 000 0 und d
040 _aLoreto College
041 _aEnglish
082 _a759.31
_bUNG
100 _aUngaretti,Giuseppe
245 _aVermer
_cGiuseppe Ungaretti;critics by Piera Bianconi
260 _aMilano
_bRizzoli
_c1967
300 _a104 p.
_b plates
504 _aIncludes index
650 _aPainting
700 _aBianconi,Piero
850 _aLCLIB
942 _cBK
999 _c17542
_d68021